Events in the Biathlon, Triathlon, Pentathlon, Decathlon - Statistics

General Stats
  • This quiz has been taken 139 times
  • The average score is 21 of 24
Answer Stats
Event % Correct
100 metres
100%
1500 metres
100%
400 metres
100%
200 metres
99%
800 metres
99%
Cross-country running
99%
Cycling
99%
Swimming
99%
Running
98%
Stadion foot race
98%
Rifle shooting
90%
Pistol shooting
89%
Javelin throw
88%
Cross-country skiing
86%
100 metres hurdles
83%
Long jump
83%
High jump
82%
Shot put
81%
110 metres hurdles
79%
Discus throw
76%
Equestrian show jumping
71%
Pole vault
68%
Wrestling
43%
Fencing
41%
No matching quizzes found
Score Distribution
Percent of People with Each Score
Percentile by Number Answered
Your Score History
You have not taken this quiz